[Event "Romanian Team Rapid Open 2022"]
[Site "Sebes"]
[Date "2022.12.03"]
[Round "4.18"]
[White "Tinta, Gheorghe"]
[Black "Daianu, Cristian-Clement"]
[Result "0-1"]
[WhiteElo "1855"]
[BlackElo "2189"]
[Annotator "TA"]
[PlyCount "110"]
[EventDate "2022.12.03"]
[EventType "rapid"]
[EventCountry "ROU"]
[SourceTitle "playchess.com"]
[Source "ChessBase"]
[SourceQuality "1"]

{[%evp 17,110,14,28,0,0,0,22,10,36,-28,28,19,137,0,0,0,39,1,130,-28,-17,-24,0,-12,-14,-47,-50,-43,-50,-63,-57,-64,-42,-51,-64,-86,6,7,5,8,8,-35,188,210,437,443,443,447,446,419,420,344,322,249,242,224,442,112,102,70,78,75,89,37,88,0,48,48,68,0,0,0,0,4,0,0,0,0,0,0,0,0,0,-31,-38,-406,-399,-377,-373,-29976,-29977,-29977,-29978,-29977,-29977]} 1. d4 Nf6 2. c4 g6 3. Nc3 d5 4. cxd5 Nxd5 5. e4 Nxc3 6. bxc3 Bg7 7. Bc4 c5 8. Ne2 Nc6 9. Be3 O-O 10. f3 {D87: Exchange Grünfeld: Classical Line: Variations without ...cxd4.} cxd4 11. cxd4 Qa5+ (11... Na5 $5 {[%cal Ra5c4]} 12. Bb3 Nxb3 13. axb3 Qd6 $11) 12. Kf2 {The position is equal.} Rd8 13. Qb3 (13. h4 $14) 13... e6 (13... Nxd4 $142 14. Nxd4 Bxd4 15. Bxf7+ Kf8) 14. Rad1 {[#]} Qh5 $146 (14... Qc7 $11 15. Qb2 Bd7) ({Predecessor:} 14... Qc7 15. Bb5 Na5 16. Qa4 a6 17. Bd3 b5 18. Qa3 Nc6 19. Bxb5 Bf8 20. Qa4 axb5 21. Qxa8 {0-1 (35) Sebl,J-Nudcenko,K Louny 2004}) 15. Qa4 (15. h4 $16 {Black must now prevent Bg5.} Qa5 16. d5 exd5 17. Bxd5 (17. Rxd5 Qc7 $16)) 15... Bd7 $11 {[%cal Oc6d4]} 16. Qa3 b5 17. Bb3 a5 (17... Qh4+ $11 18. g3 Qe7 19. Qxe7 Nxe7) 18. Nf4 $2 (18. h4 $1 $16) 18... Qh4+ 19. g3 Qe7 20. Qxe7 Nxe7 21. d5 {[%cal Rd5e6]} a4 22. Bc2 exd5 23. exd5 Rdc8 {Against d6} 24. Be4 Nf5 25. Bxf5 Bxf5 26. g4 {[#] Against b4} Bc2 {This pair of bishops is nice.} (26... Bd7 $1 $17 {Threatens to win with ...b4.} 27. Nd3 f5) 27. Rd2 $1 b4 $1 28. d6 $36 {[%cal Bd5d6,Bd6d7][%mdl 2080] aiming for Nd5. Black is under pressure.} b3 $1 29. d7 Rcb8 {[#]} (29... Rd8 $1 $15 {stays ahead.} 30. axb3 (30. Bb6 $2 Rxd7 31. Rxd7 bxa2 $19) 30... axb3) 30. Nd5 $1 $18 Be5 $2 (30... bxa2 $2 31. Rxc2 a1=Q 32. Rxa1 Bxa1 33. Nb6 $18) (30... Rd8 {keeps fighting.}) 31. Ne7+ Kg7 {[%cal Ob3a2] ...bxa2! is the strong threat.} 32. Nc6 Bc7 33. Nxb8 Rxb8 34. Rc1 Ba5 35. Rdxc2 bxc2 36. Rxc2 {[%mdl 4096] Endgame KRB-KRB} Rd8 $2 (36... Rb7 37. Rd2 Bd8 38. Bd4+ Kf8 39. Bc5+ Kg7) 37. Bd4+ $2 (37. Rc5 $18 {is the precise move to win.}) 37... f6 $16 38. g5 Rxd7 39. Bxf6+ Kf7 40. h4 ({White should try} 40. Ke3 $16) 40... h6 (40... Rd2+ $14 41. Rxd2 Bxd2) 41. Kg2 (41. Ke3 $16) 41... hxg5 (41... Rd2+ $11 {is superior.} 42. Rxd2 Bxd2) 42. hxg5 $14 Bc7 43. a3 (43. Rc4 $14) 43... Bd6 $11 44. Rd2 Ke6 {Prevents Be5.} 45. Rd4 Ra7 46. Rd3 Rb7 47. Re3+ Kf5 48. Rd3 Rb6 49. Rd5+ Ke6 50. Rd3 Rb3 51. Bc3 $2 {[%mdl 8192]} (51. Rd4 $15) 51... Bxa3 $19 {Hoping for ...Bb2.} 52. Re3+ Kf7 53. Bd4 (53. Re4 $19 Rxc3 54. Rxa4) 53... Rxe3 {Black mates.} 54. Bxe3 Bb2 55. Bc5 a3 {Never resign too early!   Weighted Error Value: White=0.64/Black=0.35} 0-1

[Event "Romanian Team Rapid Open 2022"]
[Site "Sebes"]
[Date "2022.12.03"]
[Round "4.19"]
[White "Vrencian, Lehel"]
[Black "Buzgaru, Gabriel"]
[Result "1-0"]
[WhiteElo "2226"]
[BlackElo "1864"]
[Annotator "TA"]
[PlyCount "43"]
[EventDate "2022.12.03"]
[EventType "rapid"]
[EventCountry "ROU"]
[SourceTitle "playchess.com"]
[Source "ChessBase"]
[SourceQuality "1"]

{[%evp 10,43,29,26,64,22,37,24,41,39,40,26,72,76,84,72,160,156,516,507,822,662,755,752,1316,1313,2156,2147,1937,2048,2044,1727,2034,2013,3262,1367]} 1. e4 e6 2. d4 b6 3. Nc3 Bb7 4. Bd3 Bb4 5. Nf3 Nf6 6. Qe2 d6 {B00: Queen's Fianchetto Defence, Nimzowitsch Defence.} 7. Bd2 Nbd7 8. O-O O-O {White has an edge.} 9. Rfe1 $1 Bxc3 10. Bxc3 Qe7 {[#]} (10... c5 $11 {is superior.}) 11. e5 $146 ({Predecessor:} 11. Rad1 c5 12. e5 Nd5 13. Qe4 g6 14. exd6 Qxd6 15. dxc5 Nxc5 16. Qd4 f6 17. Bc4 {1-0 (53) Geschwindt,G (1755)-Scho,R Luxembourg 1996}) 11... dxe5 12. dxe5 ({Much worse is} 12. Nxe5 Rfd8 $11) 12... Nd5 {[#]} ({Black should play} 12... Ng4) 13. Bd2 $1 {Black must now prevent c4.} ({Don't play} 13. Qe4 $6 g6 $14) 13... Nb4 $2 {[#] Loses the game.} (13... f5 $16 {is a better chance.}) 14. Bxh7+ $1 $18 {This pair of bishops is nice. White is clearly winning.} Kh8 (14... Kxh7 $142 15. Ng5+ (15. Bxb4 Qxb4 16. Qd3+ Kg8 $15) 15... Kg8) 15. Be4 Bxe4 16. Qxe4 {Threatens to win with Ng5.} Nd5 17. Ng5 {[%csl Gg5][%cal Re4h7]} N5f6 {Against Qh7+} 18. Qh4+ Kg8 19. exf6 Nxf6 20. Bc3 Rfd8 21. Re3 {White threatens Rh3 and mate.} Kf8 22. Qh8+ {Weighted Error Value: White=0.21 (precise) /Black=0.86} 1-0

[Event "Romanian Team Rapid Open 2022"]
[Site "Sebes"]
[Date "2022.12.03"]
[Round "4.20"]
[White "Carac, Radu-Ionut"]
[Black "Craciun, Sasha-Matei"]
[Result "0-1"]
[WhiteElo "1569"]
[BlackElo "2001"]
[Annotator "TA"]
[PlyCount "104"]
[EventDate "2022.12.03"]
[EventType "rapid"]
[EventCountry "ROU"]
[SourceTitle "playchess.com"]
[Source "ChessBase"]
[SourceQuality "1"]

{[%evp 19,104,0,0,-7,0,-12,0,-12,0,-28,0,-7,0,-2,-9,-10,-8,-30,-23,-125,-120,-135,-137,-126,-23,-65,-22,-22,-24,-16,0,0,3,0,6,0,275,0,43,37,29,29,48,37,75,79,77,31,32,32,37,7,20,16,12,-89,-89,-84,-83,-122,-106,-139,-122,-142,-111,-194,-97,-197,-188,-166,-160,-505,-503,-491,-462,-515,-499,-845,-527,-695,-623,-908,-919,-1267,-1310,-29983,-29984]} 1. d4 d5 2. c4 e6 3. Nc3 Be7 4. Nf3 Nf6 5. cxd5 exd5 6. Bf4 c6 7. e3 Bf5 8. Bd3 Bxd3 9. Qxd3 Nbd7 10. O-O O-O 11. Rac1 {D35: Queen's Gambit Declined: Exchange Variation.} Re8 12. a3 a5 {[#]} 13. Na4 $146 {The position is equal.} ({Predecessor:} 13. h3 Bf8 14. Nd2 Nb6 15. Rfe1 Qd7 16. Qc2 h6 17. Qb3 Ra6 18. Be5 Nh7 19. Ne2 {0-1 (60) Sagan,M (1787)-Tardi,O (1888) Ruzomberok 2016}) 13... Ne4 14. Nd2 Bd6 15. Bxd6 Nxd6 16. Nc5 Nxc5 17. dxc5 Ne4 18. Nf3 a4 19. Rfd1 (19. Rc2 $11) 19... Qe7 20. Qd4 Ra5 $1 21. Qb4 {[#]} Rea8 (21... Rb5 $1 $17 {[%cal Rb5b4]} 22. Qd4 Nxc5) 22. Nd4 $1 $11 g6 ({Much less strong is} 22... Rxc5 23. Rxc5 Nxc5 24. Rc1 $16) 23. Rc2 $1 h5 ({Don't do} 23... Rxc5 24. f3 Re8 25. fxe4 Rxc2 26. Nxc2 $16) (23... Nxc5 $2 24. Rdc1 $18) 24. Rdc1 h4 25. h3 R8a7 26. f3 Ng5 (26... Ng3 $5 {[%cal Re7e3]}) 27. Re1 {[%cal Oe3e4]} Kh7 $2 {[%mdl 8192] [#]} (27... Ra8 $11 {and Black is okay.}) 28. Kf2 $2 (28. e4 $1 $18 {[%cal Re4d5]}) 28... Qe5 29. Ne2 Kg7 30. Qxh4 Ne6 31. Rec1 $1 Rb5 32. Nd4 {Against Rb3} Nxd4 33. Qxd4 (33. exd4 $16 Qf5 34. Kg3) 33... Qxd4 $14 34. exd4 $16 {[%mdl 4096] Endgame KRR-KRR} Rb3 35. Rb1 Rd3 36. Ke2 Rxd4 37. Rd1 (37. g3 $11 {remains equal.}) 37... Rxd1 $17 {Black keeps a firm grip on the game.} 38. Kxd1 {KR-KR} Ra5 39. Kd2 Rb5 40. Kd3 Kf6 41. Kd4 Rb3 42. Re2 (42. h4 $17) 42... Kf5 ({Better is} 42... g5 $19 43. Rf2 Kf5) 43. Rd2 (43. h4 $17 {might work better.}) 43... Kf4 $19 44. Re2 g5 45. Rd2 $2 (45. Re7 $17) 45... Re3 46. Rc2 Re1 47. Rd2 f5 {[%cal Bf7f5,Bf5f4][%mdl 32]} 48. Rc2 (48. g4 $142 fxg4 49. fxg4) 48... Kg3 49. Rd2 f4 {White must now prevent ...Rg1.} 50. Kc3 Rg1 51. Kb4 Rxg2 52. Rxg2+ Kxg2 {Weighted Error Value: White=0.69/Black=0.32} 0-1

[Event "Romanian Team Rapid Open 2022"]
[Site "Sebes"]
[Date "2022.12.03"]
[Round "4.21"]
[White "Teodorescu, Razvan"]
[Black "Szabo, Gergely-Andras-Gyula"]
[Result "0-1"]
[WhiteElo "2118"]
[BlackElo "2514"]
[Annotator "TA"]
[PlyCount "66"]
[EventDate "2022.12.03"]
[EventType "rapid"]
[EventCountry "ROU"]
[SourceTitle "playchess.com"]
[Source "ChessBase"]
[SourceQuality "1"]

{[%evp 25,66,0,0,0,0,0,0,0,-17,-43,-14,-17,0,-64,-54,-94,-26,-20,-29,-63,-60,-56,-56,-53,-52,-52,-49,-146,-156,-265,-256,-267,-247,-250,-110,-113,-106,-109,-106,-112,-106,-358,-356]} 1. d4 Nf6 2. c4 e6 3. Nf3 d5 4. Nc3 Be7 5. Bg5 O-O 6. e3 h6 7. Bh4 b6 8. cxd5 Nxd5 9. Bxe7 Qxe7 10. Nxd5 exd5 11. Be2 Be6 12. O-O c5 13. dxc5 bxc5 14. Rc1 {D59: Queen's Gambit Declined: Tartakower Defence: Main line (8 cxd5 Nxd5).} Nd7 15. Qa4 Rfb8 16. b3 {The position is equal.} a5 {[#]} 17. Qf4 $146 ({Predecessor:} 17. Rfd1 Rb4 18. Qc6 Qd8 19. Qd6 a4 20. bxa4 Rb6 21. Qf4 Rb4 22. Qd6 Rb6 23. Qf4 {1-0 (34) Norowitz,Y (2425)-Rychagov,A (2536) Chess.com INT 2017}) 17... Rb4 (17... a4 $5 {[%cal Ra4b3]}) 18. Qc7 Qd8 (18... Qe8 {simplifies} 19. a4 Qc8 20. Qxc8+ Rxc8 21. Bb5 Nb6) 19. Qd6 ({Better is} 19. Qxd8+ $1 $11 Rxd8 20. Ne1) 19... Qb8 (19... Rb6 $5 {[%cal Rb6d6]} 20. Qf4 a4 $17) 20. Qe7 Qf8 (20... Ra7 $17 {Strongly threatening ...Bg4.} 21. Nd2 a4) 21. Qxf8+ $11 Kxf8 22. Nd2 a4 $1 $36 {[%mdl 2048] Black fights for an advantage.} 23. Bf3 axb3 24. axb3 Ra2 25. Rfd1 Ke7 26. g3 (26. Ra1 $15 Rxa1 27. Rxa1) 26... Ne5 $17 {[%cal Oa2d2] Hoping for ...Rxd2! Black is much more active.} 27. Be2 {[#]} (27. Bg2 $17) 27... c4 $1 $19 28. bxc4 Rbb2 ({And not} 28... dxc4 29. Nf3 Rbb2 30. Nxe5 $17) ({Worse is} 28... Nxc4 29. Bxc4 dxc4 30. Ne4 $15) 29. cxd5 {[#]} Rxd2 (29... Bh3 $1 $19 30. e4 Rxd2 31. Rxd2 Rxd2) 30. Rxd2 $17 Rxd2 31. dxe6 Rxe2 32. exf7 Kxf7 33. Kg2 $2 {[%mdl 8192] [#]} (33. Rc3 $17) 33... Rxf2+ $3 {[%mdl 512] Weighted Error Value: White=0.42/Black=0.19 (very precise)} 0-1

[Event "Romanian Team Rapid Open 2022"]
[Site "Sebes"]
[Date "2022.12.03"]
[Round "4.22"]
[White "Nevednichy, Vladislav"]
[Black "Cordea, David"]
[Result "1-0"]
[WhiteElo "2499"]
[BlackElo "2049"]
[Annotator "TA"]
[PlyCount "76"]
[EventDate "2022.12.03"]
[EventType "rapid"]
[EventCountry "ROU"]
[SourceTitle "playchess.com"]
[Source "ChessBase"]
[SourceQuality "1"]

{[%evp 10,76,55,51,142,151,139,147,168,179,173,146,160,123,162,145,138,112,131,107,121,79,160,0,0,0,0,0,0,0,0,-10,-48,-57,-55,-45,-52,-407,-400,-397,-410,-453,-455,-491,-462,-456,-396,-692,-138,-296,-280,-288,-250,-211,54,66,427,468,752,504,502,451,417,428,426,409,29988,29989,29989]} 1. e4 d5 2. exd5 Qxd5 3. Nc3 Qd8 4. d4 Nf6 5. Nf3 Bg4 6. h3 Bh5 {B01: Scandinavian Defence.} ({Better is} 6... Bxf3 $14 7. Qxf3 (7. gxf3 e6 $11) 7... c6) 7. g4 $1 $16 Bg6 8. Ne5 $1 Nbd7 {White is clearly better.} 9. Qe2 {h4 is the strong threat.} Nxe5 10. dxe5 ({Don't take} 10. Qxe5 $6 Nd7 11. Qb5 e6 $14) 10... Nd5 11. Bg2 e6 12. Nxd5 exd5 {[#]} 13. Qb5+ $146 ({Predecessor:} 13. f4 Be4 14. Bxe4 dxe4 15. Qb5+ Qd7 16. Qxb7 {1-0 (16) Williams,R (2234)-Clews,W (1923) ICCF email 2015}) 13... c6 14. Qxb7 Rc8 15. Qxa7 h5 (15... Bxc2 $142 16. Bd2 Bd3) 16. gxh5 $2 (16. c3 $16) 16... Rxh5 $11 17. O-O Bxc2 18. Bf4 Bf5 19. Qe3 Qd7 {[%cal Rf5h3]} 20. Kh2 Be7 21. Qf3 {Inhibits d4.} Bg4 22. Qg3 {[%cal Oe5e6]} g5 {Inhibits e6.} 23. Bxg5 {[%mdl 8192]} Bxg5 $19 24. f4 Be7 25. a4 Qf5 26. Rac1 Kd7 27. Qc3 Qe6 {Strongly threatening ...Rch8.} 28. Qb3 $2 {[#]} (28. Rce1) 28... Rch8 $2 (28... Bxh3 $1 $19 {[%mdl 512] is more deadly.} 29. Bxh3 Rb8 $3 {[%mdl 512]}) 29. Rc3 $2 (29. Qb7+ $17 {is the only way for White.} Ke8 30. Rxc6) 29... Ke8 30. a5 Kf8 31. a6 {[#]} Kg7 $2 (31... Bc5 $1 $19 {[%mdl 512] Hoping for ...Ba7.} 32. Rg3 Ba7) 32. Rg3 $1 $14 {[%mdl 64] Pin. Active counter play!} Kh6 $2 {[%mdl 8192]} ({Black should play} 32... R5h6 $14) 33. a7 $18 Be2 (33... Bc5 $142) 34. Ra1 {[%cal Bf1a1,Ba1a8,Ba8h8][%mdl 32]} Bh4 35. a8=Q Rxa8 36. Rxa8 {[%cal Ra8h8] Chess con chili.} Bxg3+ 37. Qxg3 {[%cal Ra8h8]} Bg4 (37... Qg6 $18 38. Rc8 Qxg3+ 39. Kxg3 Kg7 40. Rxc6 d4) 38. Rh8+ Kg6 {Weighted Error Value: White=0.61/Black=0.74} 1-0

[Event "Romanian Team Rapid Open 2022"]
[Site "Sebes"]
[Date "2022.12.03"]
[Round "4.23"]
[White "Campian, Cristian"]
[Black "Stoleriu, George"]
[Result "0-1"]
[WhiteElo "1998"]
[BlackElo "2389"]
[Annotator "TA"]
[PlyCount "82"]
[EventDate "2022.12.03"]
[EventType "rapid"]
[EventCountry "ROU"]
[SourceTitle "playchess.com"]
[Source "ChessBase"]
[SourceQuality "1"]

{[%evp 11,82,20,34,-15,19,12,41,45,60,40,52,4,45,0,17,-15,0,-19,18,-11,0,-35,-43,-65,-64,-63,-29,-91,-41,-52,-52,-71,-52,-52,-41,-62,-62,-67,-61,-100,-111,-107,-90,-195,-182,-335,-308,-283,-259,-256,-224,-190,-166,-178,-182,-150,-142,-180,-179,-218,-135,-186,-186,-185,-183,-161,-189,-623,-614,-741,-262,-29980,-29980]} 1. e4 e6 2. d4 d5 3. exd5 exd5 4. Bd3 Nc6 5. Nf3 Bg4 6. c3 Bd6 (6... Qf6 {seems wilder.} 7. Nbd2 Bd6 8. O-O Nge7) 7. Nbd2 {C01: French: Exchange Variation.} (7. h3 $14 Be6 8. O-O) 7... Nge7 8. Nf1 f6 {[#]} 9. Ne3 $146 {White is slightly better.} ({Predecessor:} 9. Ng3 Qd7 10. h3 Be6 11. a4 a5 12. Bd2 Ng6 13. Nh5 O-O 14. Qc2 Rae8 15. O-O-O {1-0 (38) Gatelli,J (1913)-Cabral,C (1852) Parana 2011}) 9... Be6 10. Qc2 Qd7 11. Bd2 (11. Bxh7 f5 12. Ng5 Rxh7 $1 13. Nxh7 f4 $11) (11. b4 $14 {is more appropriate.}) 11... O-O-O (11... f5 $5 {[%cal Rf5f4]}) 12. O-O-O g5 13. h3 h5 14. Ne1 Bf4 15. b4 Rde8 16. Qa4 Kb8 17. Bb5 a6 18. Bf1 Nd8 19. b5 (19. Qxd7 $11 {keeps the balance.} Bxd7 20. Nd3) 19... axb5 (19... Nf7 $17 {...Nd6 is the strong threat.} 20. Qb3 axb5 21. Bxb5 c6) 20. Bxb5 $15 c6 21. Bf1 b5 22. Qb3 Qa7 {Against a4} 23. Nd3 Bd6 24. Nb4 Nb7 {[%cal Bd8b7,Bb7a5,Ba5c4][%mdl 32]} 25. Nec2 Na5 26. Qb1 {[%cal Oa2a4]} Kc7 {Black is more active.} 27. Na3 (27. h4 $17 {might work better.}) 27... Nc4 $19 28. Nxc4 (28. Nac2 {was the only defense.}) 28... bxc4 29. Re1 Bd7 30. Be2 Bf5 31. Qb2 Ra8 32. g4 Be4 33. f3 Bh7 (33... Bg6 34. gxh5 Bxh5 35. Bd1) 34. Bd1 {[#]} Kd7 {Prevents Re6.} 35. a4 h4 36. Rh2 (36. f4 $17 {was forced.} gxf4 37. Rhf1) 36... Ng6 {[%cal Be7g6,Bg6f4,Bf4d3][%mdl 32]} ({Much less strong is} 36... Bxh2 {[#]} 37. Rxe7+ $1 Kxe7 38. Nxc6+ Kf7 39. Nxa7 Rxa7 40. Qb6 $16 (40. Bxg5 $2 Rb8 $19)) ({Worse is} 36... c5 37. dxc5 (37. Rxe7+ $2 Bxe7 38. dxc5 Bxc5 $19) 37... Qxc5 38. Rhe2 $11) 37. Rhe2 {Threatens to win with Bc2.} Nf4 38. Re7+ Bxe7 {Chess con chili.} 39. Rxe7+ $2 (39. Bxf4 Rac8 40. Bh2 (40. Qe2 $2 Kd8 $19)) 39... Kxe7 40. Nxc6+ Kd7 $2 (40... Ke6 {( -> ...Nd3+)} 41. Bxf4 Qd7) 41. Nxa7 $2 (41. Bxf4 $19 Qa6 42. Nb8+ Rhxb8 43. Bxb8) 41... Nd3+ {Weighted Error Value: White=0.58/Black=0.37} 0-1

[Event "Romanian Team Rapid Open 2022"]
[Site "Sebes"]
[Date "2022.12.03"]
[Round "4.24"]
[White "Zubcu, Vlad-George"]
[Black "Tarciuc, Ianis-Mihai"]
[Result "1-0"]
[WhiteElo "2135"]
[BlackElo "1642"]
[Annotator "TA"]
[PlyCount "53"]
[EventDate "2022.12.03"]
[EventType "rapid"]
[EventCountry "ROU"]
[SourceTitle "playchess.com"]
[Source "ChessBase"]
[SourceQuality "1"]

{[%evp 11,53,9,4,0,20,15,15,0,10,-4,0,-42,10,5,14,13,16,16,40,35,71,64,66,74,95,89,98,82,93,101,98,94,108,105,96,91,91,19,24,0,0,0,0,0]} 1. d4 Nf6 2. Bg5 g6 3. Bxf6 exf6 4. g3 Bg7 5. Bg2 O-O 6. e3 d5 {6...f5 deserves study.} 7. Ne2 {A45: Trompowsky Attack.} Be6 8. O-O {[%cal Oc2c4]} c6 9. b3 Nd7 10. Qd3 f5 11. c4 Nf6 (11... dxc4 $15 12. bxc4 Ne5) 12. Nbc3 $11 {[#]} Re8 $146 ({Predecessor:} 12... Ne4 13. cxd5 cxd5 14. Rfc1 Qd7 15. h4 Rfc8 16. Rc2 Rc6 17. Rac1 Rac8 18. Na4 Bf8 {½-½ (59) Stefanova,A (2545)-Kosintseva,N (2533) Moscow 2010}) 13. Nf4 Qd7 (13... g5 $5 {[%cal Rg5f4]} 14. Nxe6 fxe6 $11) 14. cxd5 Nxd5 15. Ncxd5 Bxd5 16. Nxd5 cxd5 17. b4 Rac8 18. Rac1 {Against Rc4} Bf8 19. Qb3 Rxc1 20. Rxc1 Rd8 21. b5 g5 22. b6 axb6 23. Qxb6 f4 24. Qc7 {White has more active pieces.} (24. exf4 $16 gxf4 25. Bf3 (25. gxf4 Rc8 $14)) 24... fxe3 {[#] Strongly threatening ...Qxc7.} 25. fxe3 Qe6 26. Rc3 ({Of course not} 26. Qxd8 Qxe3+ 27. Kf1 Qxc1+ 28. Ke2 Qc2+ 29. Ke3 Qc3+ 30. Ke2 Qc4+ 31. Ke3 Qc3+ 32. Ke2 Qc2+ 33. Ke3 Qc1+ 34. Ke2 Qb2+ 35. Ke3 Qc3+ $17) 26... Rd7 27. Qc8 {[%mdl 32768] Weighted Error Value: White=0.14 (very precise) /Black=0.12 (very precise) . Loss on time!?} 1-0

[Event "Romanian Team Rapid Open 2022"]
[Site "Sebes"]
[Date "2022.12.03"]
[Round "4.25"]
[White "Stefan, Romulus-Cristian"]
[Black "Patrascu, Catalin-Lucian"]
[Result "0-1"]
[WhiteElo "2097"]
[BlackElo "2279"]
[Annotator "TA"]
[PlyCount "124"]
[EventDate "2022.12.03"]
[EventType "rapid"]
[EventCountry "ROU"]
[SourceTitle "playchess.com"]
[Source "ChessBase"]
[SourceQuality "1"]

{[%evp 12,124,10,-7,21,2,0,0,0,-29,14,-61,-65,-68,-73,-77,-68,-75,-63,-87,-56,-54,-25,-93,-80,-93,0,0,0,0,0,0,0,-40,-6,-66,-46,-67,76,72,172,170,169,82,97,72,147,149,202,202,209,222,218,214,208,210,215,206,265,262,264,257,241,241,322,327,319,320,317,287,278,281,584,570,551,521,490,490,535,468,452,443,887,885,883,876,914,877,2104,1187,4133,1196,3352,3074,2249,2270,2030,792,522,0,2071,1057,5057,0,0,0,0,0,0,0,0,-234,-234,-29987,-29988]} 1. d4 Nf6 2. Nf3 e6 3. Bg5 b6 4. Nbd2 Bb7 5. e3 h6 6. Bh4 d6 7. Bd3 Nbd7 {A46: 1 d4 Nf6 2 Nf3 e6: Torre, London and Colle Systems.} (7... g5 $5 {[%cal Rg5h4]} 8. Bg3 g4 $11) 8. O-O g5 9. Bg3 Nh5 {[#] The position is equal.} 10. Nc4 $146 ({Predecessor:} 10. Qe2 Bg7 11. Ba6 Qc8 12. Bxb7 Qxb7 13. Ne1 Nxg3 14. fxg3 O-O 15. c3 f5 16. e4 {1-0 (47) Yanchenko,R (2467)-Terry,R (2504) Chess.com INT 2020}) 10... Qe7 11. Nfd2 (11. e4 $11) 11... Nxg3 $15 12. hxg3 Bg7 13. c3 h5 {[%cal Bh6h5,Bh5h4][%mdl 32]} (13... d5 $5 {[%cal Rd5c4]} 14. Na3 O-O $15) 14. e4 {Prevents f5.} h4 15. a4 a5 {[%cal Og5g4]} 16. Qe2 O-O-O {[%cal Og5g4] Threatening ...g4!} (16... g4 $5 {[%cal Re7g5]}) 17. Ne3 {Prevents g4.} (17. g4 $11) 17... hxg3 $17 18. fxg3 Rh6 (18... Kb8 $17) 19. Ng4 $11 {Against c5} Rh5 20. Ba6 Rdh8 21. Bxb7+ Kxb7 22. Qf3 Kb8 {[%cal Od6d5] next ...d5! is good for Black.} (22... c5 $5 {[%cal Rc5d4]} 23. Nb3 (23. Qxf7 $2 Rh1+ 24. Kf2 Qxf7+ $19) (23. e5+ d5 $17) 23... Kb8 $11) 23. Nf2 {Prevents d5.} (23. Rae1 $11) 23... f5 24. exf5 exf5 (24... g4 $1 $15 {keeps the upper hand.} 25. Nxg4 Rxf5) 25. Rae1 Qd8 (25... Qf8 $16) 26. Qxf5 $18 g4 27. Qf7 (27. Qxg4 $18 {has better winning chances.} Rg5 28. Qf3) 27... R5h7 $16 {[%cal Og7d4] aiming for ...Bxd4!} 28. Qe6 $1 (28. Nxg4 $2 Rh1+ 29. Kf2 Rf8 $19) 28... Qg5 (28... Nf6 $142) 29. Nde4 $1 (29. Qxg4 $2 Rh1+ $3 {[%mdl 512]} 30. Nxh1 Qxg4 $19) (29. Qxd7 $2 Qh5 $19) 29... Qh5 (29... Qh6 $16 {was necessary.} 30. Qxh6 (30. Qxd7 $2 Qh2#) 30... Bxh6) 30. Nxg4 $1 $18 Qh1+ 31. Kf2 {[%cal Bg1f2,Bf2e2,Be2d1,Bd1c2,Bc2b3][%mdl 32]} Rf8+ 32. Ke2 Qxg2+ 33. Rf2 Rxf2+ 34. Ngxf2 (34. Nexf2 $6 Bf8 35. Qf5 Rg7 $16) 34... Bf8 35. Qf5 $1 Re7 36. Kd1 Bh6 37. g4 d5 38. Qxd5 Qf3+ 39. Kc2 Be3 40. Nd1 ({Don't take} 40. Qg8+ Kb7 41. g5 (41. Qd5+ Ka7 $16) 41... Qf4 42. Qd5+ c6) 40... Bf4 41. Qf5 Ka7 $2 (41... Qg2+ 42. Ndf2 Bg3) 42. Ndf2 Nb8 43. Nd3 Qg2+ 44. Kb3 Bh2 45. Ne5 Bxe5 46. dxe5 {[%cal Bd4e5,Be5e6][%mdl 32]} Nd7 (46... Qh2 $142 47. e6 Qh6) 47. e6 Nb8 {[%cal Bd7b8,Bb8c6,Bc6e7,Be7g6,Bg6f4][%mdl 32]} 48. g5 {[%cal Bg4g5,Bg5g6][%mdl 32]} Nc6 49. g6 Rg7 50. Qd5 Ne7 51. Qd7 (51. Qe5 $142 Qh3 52. Qxg7 Qxe6+ 53. c4) 51... Qh2 52. Rd1 {Intending Nd6 and mate.} Qe5 53. Nd6 Nxg6 54. Nb5+ (54. Nf7 $142 Qf4 55. Rd4) 54... Kb7 {[#]} 55. Nd6+ $40 {[%mdl 128] White mounts an attack.} (55. Rd3 $142 $1) 55... Ka7 {[#]} 56. Nc4 $1 Qe2 (56... Rxd7 57. exd7) 57. Qd5 $2 ({White has to play} 57. Qxg7 $18 Qxd1+ 58. Ka2) 57... Nf4 $11 {Dancing on a razor blade.} 58. Rd2 {Threatens to win with Qf5.} Qxe6 59. Qd4 Rf7 60. Ka3 Ne2 61. Qd3 {[#]} (61. Qe5 $11 {and White has nothing to worry.} Qxc4 62. Qxe2) 61... Qe7+ $1 $19 62. Ka2 $2 ({But not} 62. b4 $2 {[#]} Nxc3 $1 {[%mdl 512]} 63. Nd6 (63. Qxc3 axb4+ 64. Kb3 bxc3 65. Rd3 Rf4 66. Rxc3 Qc5 67. Rc1 b5 68. axb5 Qxb5+ 69. Ka3 c5 70. Rh1 Qb4+ 71. Ka2 Rf2+ 72. Ka1 Qc3+ 73. Kb1 Qc2+ 74. Ka1 Qa2#) 63... Qxd6 $19) (62. Nd6 $19 Nf4 63. Ka2 Qe6+ 64. Qc4 cxd6 65. Qxe6 Nxe6 66. Rxd6) 62... Nc1+ {Weighted Error Value: White=0.17 (very precise) /Black=0.40} 0-1